000 00429nmm a2200157Ia 4500
008 251105s9999||||xx |||||||||||||||||und||
020 _a9788416843022
041 _aspa
100 _aVilanova, Mercedes
245 0 _aLa palabra y el poder
264 _a[Madrid, España] :
_bCarena Editores,
_c2016
300 _a235 páginas
650 _aBiography
856 _uhttps://public.digitaliapublishing.com/a/50649
942 _cCF
999 _c78042
_d78042